00199nam a22000977a 4500008004100000041000800041082001100049245001900060260000900079650001300088210707s2005 xx 000 0 und d aeng a052 DD aDharma Deepika c2005 aReligion